000 00718nam a2200241Ia 4500
003 OSt
005 20220926015017.0
006 a|||||r|||| 00| 0
007 ta
008 220923b |||||||| |||| 00| 0 eng d
037 _cGeneral Book
040 _aRTL
_cRTL
_beng
041 _2eng
_aeng
082 _aX65.73.N7, L6
100 _aKendrick John W.
_9236529
245 0 _aFormation and stocks of total capital
260 _aNew York
_bNBER USA
_c1976
300 _axxvii, 256p. Bib p 241-50 ; Appendix p 137-240
_ccm.
490 _aNational Bureau of Economic Research, 10
650 _aInvestment
942 _hX65.73.N7, L6
_cGB
_2CC
999 _c630370
_d630370